[Event "CTO DE ESPANA DE SELECCIONES AUTONOMICAS"]
[Site "Hotel La Borona, Gijon (Asturi"]
[Date "2011.04.30"]
[Round "2.6"]
[White "Pascual Palomo, Lucia"]
[Black "Gonzalez Berruga, Ana Isabel"]
[Result "0-1"]
[WhiteElo "2163"]
[BlackElo "1995"]
[PlyCount "164"]
[EventDate "2011.04.29"]

1. e4 c5 2. Nf3 d6 3. d4 cxd4 4. Nxd4 Nf6 5. Nc3 a6 6. Be2 e6 7. O-O Be7 8. Be3
O-O 9. a4 Qc7 10. a5 Nbd7 11. Qd2 b5 12. axb6 Nxb6 13. Qd3 Bb7 14. f4 Rfc8 15.
Kh1 Nbd7 16. Nb3 a5 17. Rfc1 a4 18. Nd2 a3 19. Rcb1 axb2 20. Rxa8 Bxa8 21. Nd1
Qxc2 22. Rxb2 Qa4 23. Nc3 Qa1+ 24. Qb1 Qxb1+ 25. Ndxb1 Nxe4 26. Nxe4 Bxe4 27.
Nd2 Bd5 28. Nf1 Bf6 29. Rb1 g6 30. Nd2 Rc3 31. Nf1 Rc2 32. Bd2 Nc5 33. Bd1 Ra2
34. Bf3 Bxf3 35. gxf3 Ra1 36. Rb8+ Kg7 37. Kg2 Ra2 38. Kh1 Nd3 39. Rb3 Nb2 40.
Bb4 Nc4 41. Rd3 d5 42. Ng3 Rb2 43. Bc5 h5 44. Nf1 Rb5 45. Bf2 Ra5 46. Kg1 Ra3
47. Rxa3 Nxa3 48. Nd2 Nc4 49. Nb3 Bd8 50. Bd4+ f6 51. Kf1 e5 52. fxe5 fxe5 53.
Bf2 Bb6 54. Bh4 Ne3+ 55. Ke2 Nf5 56. Be1 Nd4+ 57. Nxd4 Bxd4 58. Kd3 Ba1 59. Bh4
Kf7 60. h3 Ke6 61. Bg5 Kf5 62. Be3 e4+ 63. fxe4+ dxe4+ 64. Ke2 Be5 65. Kf2 h4
66. Ke2 Bg3 67. Bd4 g5 68. Be3 g4 69. Kf1 gxh3 70. Kg1 Kg4 71. Kh1 Kf3 72. Bg5
Bf4 73. Bxh4 e3 74. Be1 Ke2 75. Bh4 Kf3 76. Be1 Bg3 77. Bc3 Ke4 78. Ba5 Kd3 79.
Bb4 Kc2 80. Kg1 Kd1 81. Kh1 e2 82. Kg1 Bf4 0-1

[Event "CTO DE ESPANA DE SELECCIONES AUTONOMICAS"]
[Site "Hotel La Borona, Gijon (Asturi"]
[Date "2011.04.30"]
[Round "2.1"]
[White "Gomez Esteban, Juan Mario"]
[Black "Suarez Pousa, Diego"]
[Result "1-0"]
[WhiteElo "2477"]
[BlackElo "2455"]
[PlyCount "111"]
[EventDate "2011.04.29"]

1. d4 Nf6 2. Nf3 e6 3. c4 Bb4+ 4. Nbd2 O-O 5. a3 Be7 6. e4 d5 7. e5 Nfd7 8.
cxd5 exd5 9. b4 a5 10. b5 c5 11. Bd3 Re8 12. O-O Nf8 13. dxc5 Ne6 14. Nb3 a4
15. Nbd4 Nxc5 16. Bb1 Nbd7 17. Ba2 Nf8 18. Ne2 Qb6 19. Nc3 Be6 20. Nxd5 Qd8 21.
b6 Nb3 22. Bxb3 axb3 23. Nc7 Qxd1 24. Rxd1 Red8 25. Bb2 Rxd1+ 26. Rxd1 Ra5 27.
Nd2 Bxa3 28. Ra1 Bb4 29. Rxa5 Bxa5 30. Nxe6 Nxe6 31. Nxb3 Bxb6 32. g3 Kf8 33.
Kg2 g5 34. h3 Ke7 35. Bc1 Nd4 36. Bxg5+ Ke6 37. Nd2 Kd5 38. f4 Ba5 39. Nf3 b5
40. Nxd4 Kxd4 41. Kf3 b4 42. Bf6 Kd3 43. f5 b3 44. e6 fxe6 45. fxe6 Bb4 46. g4
Be7 47. Bg7 Kc2 48. Ke4 b2 49. Bxb2 Kxb2 50. Kd5 Kc3 51. Kc6 Kd4 52. Kd7 Bh4
53. e7 Bxe7 54. Kxe7 Ke5 55. Kf7 Kf4 56. Kg7 1-0

[Event "CTO DE ESPANA DE SELECCIONES AUTONOMICAS"]
[Site "Hotel La Borona, Gijon (Asturi"]
[Date "2011.04.30"]
[Round "2.2"]
[White "Pena Gomez, Manuel"]
[Black "Argandona Riveiro, Inigo"]
[Result "1/2-1/2"]
[WhiteElo "2421"]
[BlackElo "2389"]
[PlyCount "34"]
[EventDate "2011.04.29"]

1. g3 d5 2. Bg2 Nf6 3. c4 e6 4. Nf3 dxc4 5. Qa4+ Nbd7 6. Qxc4 a6 7. O-O b5 8.
Qc2 Bb7 9. b3 c5 10. Bb2 Rc8 11. d3 c4 12. bxc4 bxc4 13. dxc4 Be4 14. Qa4 Bc6
15. Qc2 Be4 16. Qa4 Bc6 17. Qc2 Be4 1/2-1/2

[Event "CTO DE ESPANA DE SELECCIONES AUTONOMICAS"]
[Site "Hotel La Borona, Gijon (Asturi"]
[Date "2011.04.30"]
[Round "2.3"]
[White "Alonso Arburu, Juan Ignacio"]
[Black "Garcia Castro, Pablo"]
[Result "0-1"]
[WhiteElo "2367"]
[BlackElo "2399"]
[PlyCount "74"]
[EventDate "2011.04.29"]

1. d4 g6 2. c4 Bg7 3. Nc3 c5 4. d5 Bxc3+ 5. bxc3 f5 6. h4 d6 7. h5 Qa5 8. Qb3
gxh5 9. Nh3 Nd7 10. Nf4 Ngf6 11. f3 Nb6 12. e3 Bd7 13. Bd2 O-O-O 14. Bd3 Kb8
15. Kf2 Ka8 16. Rh4 Rb8 17. Rah1 Qa6 18. Ke2 Rhc8 19. a3 Be8 20. Rb1 Bg6 21.
Qa2 Nbd7 22. Rhh1 Ne5 23. a4 Nxd3 24. Kxd3 Nd7 25. Rb5 Be8 26. Ne6 Nb6 27. Ra1
Bxb5 28. cxb5 c4+ 29. Ke2 Qa5 30. e4 fxe4 31. fxe4 Nd7 32. Rh1 Nc5 33. Nxc5
Rxc5 34. Rxh5 Rg8 35. Rxh7 Rcc8 36. Rxe7 Qd8 37. Re6 Rxg2+ 0-1

[Event "CTO DE ESPANA DE SELECCIONES AUTONOMICAS"]
[Site "Hotel La Borona, Gijon (Asturi"]
[Date "2011.04.30"]
[Round "2.5"]
[White "Munoz Perez, Miriam"]
[Black "Hernandez Estevez, Yudania"]
[Result "0-1"]
[WhiteElo "2049"]
[BlackElo "2245"]
[PlyCount "78"]
[EventDate "2011.04.29"]

1. e4 e5 2. Nf3 Nc6 3. Bb5 f5 4. d3 fxe4 5. dxe4 Nf6 6. O-O d6 7. Nc3 Be7 8. h3
O-O 9. Bc4+ Kh8 10. Ng5 Qe8 11. a3 Qg6 12. Qd3 Nh5 13. Nf7+ Rxf7 14. Bxf7 Qxf7
15. Nd5 Bd8 16. f4 Nf6 17. Bd2 Be6 18. Rae1 Kg8 19. c4 exf4 20. Bxf4 Ne5 21.
Qd4 c6 22. Nxf6+ Bxf6 23. Qxd6 Rd8 24. Bxe5 Rxd6 25. Bxd6 Bxc4 26. Rf3 Qe6 27.
e5 h6 28. Rf4 b5 29. Kf2 Bg5 30. Rf8+ Kh7 31. Kg1 Bd2 32. Re4 Qg6 33. Rg4 Qb1+
34. Kh2 Be3 35. Rf3 Bg1+ 36. Kg3 Qe1+ 37. Kf4 Be6 38. Rgg3 Qd2+ 39. Ke4 Qd4#
0-1

[Event "CTO DE ESPANA DE SELECCIONES AUTONOMICAS"]
[Site "Hotel La Borona, Gijon (Asturi"]
[Date "2011.04.30"]
[Round "2.6"]
[White "Gomez Dieguez, David"]
[Black "Garro Beraza, Julen"]
[Result "0-1"]
[WhiteElo "1976"]
[BlackElo "1889"]
[PlyCount "70"]
[EventDate "2011.04.29"]

1. e4 c5 2. Nf3 d6 3. Bc4 e6 4. d4 cxd4 5. c3 dxc3 6. Nxc3 a6 7. O-O Be7 8. Qe2
Nf6 9. Rd1 Qc7 10. Bf4 Nc6 11. h3 O-O 12. e5 dxe5 13. Nxe5 Nxe5 14. Bxe5 Qa5
15. Rd3 b5 16. Bb3 b4 17. Nd1 Bb7 18. Rg3 g6 19. Bf4 Nh5 20. Rg4 Nxf4 21. Rxf4
Bd5 22. Bxd5 Qxd5 23. Ne3 Qe5 24. Qf3 Rac8 25. Rb1 Rc7 26. Ng4 Qg7 27. g3 e5
28. Rf6 h5 29. Rxg6 fxg6 30. Qd5+ Kh8 31. Nxe5 Rc5 32. Nxg6+ Qxg6 33. Qd4+ Qf6
34. Qe3 Rc2 35. Kh1 Rxf2 0-1

[Event "CTO DE ESPANA DE SELECCIONES AUTONOMICAS"]
[Site "Hotel La Borona, Gijon (Asturi"]
[Date "2011.04.30"]
[Round "2.1"]
[White "Aguera Naredo, Javier"]
[Black "Reinaldo Castineira, Roi"]
[Result "1/2-1/2"]
[WhiteElo "2359"]
[BlackElo "2497"]
[PlyCount "99"]
[EventDate "2011.04.29"]

1. e4 c5 2. Nf3 d6 3. d4 cxd4 4. Nxd4 Nf6 5. Nc3 g6 6. Be3 Bg7 7. f3 O-O 8. Qd2
Nc6 9. O-O-O d5 10. Kb1 e6 11. Bb5 Nxd4 12. Bxd4 a6 13. Be2 dxe4 14. Nxe4 Nxe4
15. fxe4 e5 16. Bc5 Qxd2 17. Rxd2 Re8 18. Bc4 Be6 19. Bxe6 Rxe6 20. Rhd1 Bf8
21. Rd8 Re8 22. Rxa8 Rxa8 23. Bb6 Rc8 24. Rd5 Rc6 25. Be3 Rf6 26. c4 Rf1+ 27.
Kc2 Re1 28. Kd3 Rd1+ 29. Ke2 Rb1 30. b3 Rb2+ 31. Rd2 Rxd2+ 32. Kxd2 f5 33. Kd3
Kf7 34. c5 Ke6 35. b4 Be7 36. a4 Bh4 37. b5 axb5 38. axb5 Be1 39. Bh6 Bf2 40.
Bf8 Kf7 41. c6 bxc6 42. bxc6 Ke6 43. c7 Kd7 44. Bd6 Bd4 45. exf5 gxf5 46. Kc4
Bb2 47. Kd5 e4 48. Bf4 Bc3 49. Be3 Ba5 50. Ke5 1/2-1/2

[Event "CTO DE ESPANA DE SELECCIONES AUTONOMICAS"]
[Site "Hotel La Borona, Gijon (Asturi"]
[Date "2011.04.30"]
[Round "2.2"]
[White "De La Villa Garcia, Jesus Maria"]
[Black "Recuero Guerra, Javier"]
[Result "1-0"]
[WhiteElo "2491"]
[BlackElo "2296"]
[PlyCount "89"]
[EventDate "2011.04.29"]

1. e4 c6 2. Nc3 g6 3. d4 d5 4. Nf3 Bg7 5. h3 dxe4 6. Nxe4 Nf6 7. Nxf6+ Bxf6 8.
Bh6 Qb6 9. Bd3 Bf5 10. O-O Nd7 11. c3 O-O-O 12. Ng5 Bxd3 13. Qxd3 Bxg5 14. Bxg5
f6 15. Be3 e5 16. d5 Qa6 17. Qxa6 bxa6 18. dxc6 Nb6 19. f4 Nd5 20. Rae1 exf4
21. Bxa7 g5 22. c4 Nc7 23. Bc5 Rd2 24. Rf2 Rd3 25. Re7 Re8 26. Rfe2 Re3 27.
Rxe8+ Rxe8 28. Rxe8+ Nxe8 29. b4 f5 30. b5 Kc7 31. Bd4 g4 32. Be5+ Kb6 33. c5+
Kxb5 34. c7 Nxc7 35. Bxc7 Kxc5 36. Bxf4 Kb4 37. Bd6+ Kc3 38. hxg4 fxg4 39. Kf2
h5 40. Kg3 Kb2 41. a3 a5 42. Kh4 a4 43. Kxh5 g3 44. Kg4 Kb3 45. Kxg3 1-0

[Event "CTO DE ESPANA DE SELECCIONES AUTONOMICAS"]
[Site "Hotel La Borona, Gijon (Asturi"]
[Date "2011.04.30"]
[Round "2.3"]
[White "Andres Gonzalez, Ivan"]
[Black "Huerga Leache, Mikel"]
[Result "1/2-1/2"]
[WhiteElo "2294"]
[BlackElo "2440"]
[PlyCount "75"]
[EventDate "2011.04.29"]

1. Nf3 Nf6 2. c4 g6 3. Nc3 d5 4. cxd5 Nxd5 5. Qa4+ Bd7 6. Qb3 Nb6 7. d4 Be6 8.
Qc2 Nc6 9. e3 Nb4 10. Qd1 Bg4 11. Be2 Bg7 12. O-O O-O 13. h3 Bxf3 14. Bxf3 c6
15. Qb3 Na6 16. Rd1 Qd6 17. Ne4 Qc7 18. Bd2 Nd5 19. Rac1 Qb6 20. Qxb6 axb6 21.
a3 b5 22. Nc5 Nxc5 23. Rxc5 Nb6 24. Rc2 Rfd8 25. Bb4 e6 26. Bc5 Na4 27. Rb1 Bf8
28. Bxf8 Kxf8 29. b3 Nb6 30. a4 b4 31. Rc5 Ra7 32. a5 Nd5 33. Ra1 Nc7 34. Ra4
Rd7 35. Be2 Nd5 36. Bf3 Nc7 37. Be2 Nd5 38. Bf3 1/2-1/2

[Event "CTO DE ESPANA DE SELECCIONES AUTONOMICAS"]
[Site "Hotel La Borona, Gijon (Asturi"]
[Date "2011.04.30"]
[Round "2.4"]
[White "Navarro Cia, Miguel"]
[Black "Santos Latasa, Jaime"]
[Result "1/2-1/2"]
[WhiteElo "2330"]
[BlackElo "2227"]
[PlyCount "60"]
[EventDate "2011.04.29"]

1. d4 d5 2. c4 c6 3. Nf3 Nf6 4. g3 Bf5 5. Bg2 e6 6. O-O Be7 7. Nbd2 h6 8. b3
O-O 9. Bb2 Nbd7 10. Ne5 Nxe5 11. dxe5 Ne4 12. Nxe4 dxe4 13. Qc1 Qb6 14. e3 c5
15. Qc2 Qc6 16. Rfd1 Rfd8 17. Bc3 b6 18. Rxd8+ Rxd8 19. Rd1 Rxd1+ 20. Qxd1 a5
21. Qc2 Bg6 22. a4 Kf8 23. Kf1 Ke8 24. Ke1 Bf8 25. h4 Be7 26. Qd1 Qd7 27. Qc2
Qc6 28. Qd1 Qd7 29. Qc2 Qc6 30. Qd1 Qd7 1/2-1/2

[Event "CTO DE ESPANA DE SELECCIONES AUTONOMICAS"]
[Site "Hotel La Borona, Gijon (Asturi"]
[Date "2011.04.30"]
[Round "2.5"]
[White "Reno Chanca, Javier"]
[Black "Jimenez Almeida, Luis David"]
[Result "1-0"]
[WhiteElo "1846"]
[BlackElo "1965"]
[PlyCount "87"]
[EventDate "2011.04.29"]

1. e4 c5 2. Nf3 Nc6 3. d4 cxd4 4. Nxd4 e5 5. Nb3 Nf6 6. Bc4 a5 7. a4 d6 8. Nc3
Be6 9. Bd5 Be7 10. h3 O-O 11. Be3 Bxd5 12. exd5 Nb4 13. O-O Nd7 14. f4 f5 15.
fxe5 Nxe5 16. Nd4 Nc4 17. Bf2 Qd7 18. Ne6 Rfc8 19. Bd4 g6 20. Rc1 Nxd5 21. Nxd5
Qxe6 22. Re1 Qxd5 23. Rxe7 Re8 24. Rg7+ Kf8 25. Rxh7 Qe6 26. Qf3 Ne5 27. Qf4
Nf7 28. Qh4 Ra6 29. Bg7+ Kg8 30. Bc3 Kf8 31. Re1 g5 32. Rxe6 gxh4 33. Rf6 Re7
34. Rh8+ Kg7 35. Rfh6+ Ne5 36. R6h7+ Kf6 37. Rh6+ Kf7 38. Rxh4 Ng6 39. R8h7+
Ke6 40. R7h6 Kf7 41. R4h5 Re5 42. Bxe5 dxe5 43. Rxf5+ Kg7 44. Rxg6+ 1-0

[Event "CTO DE ESPANA DE SELECCIONES AUTONOMICAS"]
[Site "Hotel La Borona, Gijon (Asturi"]
[Date "2011.04.30"]
[Round "2.6"]
[White "Goni Osacar, Maria"]
[Black "Olivares Romero, Sara"]
[Result "1-0"]
[WhiteElo "1921"]
[BlackElo "1541"]
[PlyCount "57"]
[EventDate "2011.04.29"]

1. e4 e5 2. Nf3 Nc6 3. Bb5 a6 4. Ba4 Nf6 5. O-O b5 6. Bb3 Be7 7. Re1 O-O 8. c3
Na5 9. Bc2 d6 10. h3 c5 11. d3 Bb7 12. Nbd2 Rc8 13. Nf1 Re8 14. Ng3 Qc7 15. Nh2
Bf8 16. Ng4 Nd7 17. Nf5 Re6 18. h4 Nb6 19. Re3 Qd7 20. Rg3 Kh8 21. Qf3 Rc7 22.
h5 Qe8 23. Nfh6 Qe7 24. Nf5 Qd7 25. Bg5 Qe8 26. Nfh6 Qd7 27. Nf6 Qc8 28. Nd5
Nxd5 29. exd5 1-0

[Event "CTO DE ESPANA DE SELECCIONES AUTONOMICAS"]
[Site "Hotel La Borona, Gijon (Asturi"]
[Date "2011.04.30"]
[Round "2.1"]
[White "Cacho Reigadas, Sergio"]
[Black "Mascaro March, Pedro"]
[Result "1/2-1/2"]
[WhiteElo "2518"]
[BlackElo "2396"]
[PlyCount "102"]
[EventDate "2011.04.29"]

1. d4 Nf6 2. c4 e6 3. Nf3 b6 4. g3 Ba6 5. Qa4 c5 6. Bg2 Bb7 7. dxc5 bxc5 8. Nc3
Be7 9. O-O O-O 10. Rd1 Qb6 11. Bf4 d6 12. Qb3 Rd8 13. Rd2 Qxb3 14. axb3 a6 15.
Rad1 Ne8 16. e4 f6 17. e5 fxe5 18. Nxe5 Bxg2 19. Kxg2 Rc8 20. Nd3 Nc6 21. Nc1
Rab8 22. Rd3 Rb7 23. Ne4 e5 24. Bd2 Nd4 25. f4 Nf6 26. Re1 Nxe4 27. Rxe4 Bf6
28. fxe5 dxe5 29. Bc3 Bg5 30. Rd1 Nxb3 31. Nxb3 Rxb3 32. Rd6 Bc1 33. Re2 Rcb8
34. Rxa6 Bxb2 35. Bxe5 R8b7 36. Bd6 Bf6 37. Bxc5 Rc7 38. Re8+ Kf7 39. Rf8+ Kg6
40. Bd4 Rxc4 41. Bxf6 gxf6 42. Raxf6+ Kg7 43. R6f7+ Kg6 44. Rf2 Rc7 45. R8f4 h6
46. Kh3 Rbc3 47. Rf6+ Kg7 48. Ra6 R3c6 49. Raa2 Rc4 50. Rfb2 Kh7 51. Kg2 Kg7
1/2-1/2

[Event "CTO DE ESPANA DE SELECCIONES AUTONOMICAS"]
[Site "Hotel La Borona, Gijon (Asturi"]
[Date "2011.04.30"]
[Round "2.3"]
[White "Martin Fuentes, Alberto"]
[Black "Bestard Borras, Miguel"]
[Result "1-0"]
[WhiteElo "2307"]
[BlackElo "2204"]
[PlyCount "119"]
[EventDate "2011.04.29"]

1. e4 e5 2. Nc3 Nc6 3. Bc4 Nf6 4. d3 Na5 5. Nge2 c6 6. a4 Nxc4 7. dxc4 d6 8.
O-O Be7 9. Qd3 Qc7 10. f4 b6 11. a5 bxa5 12. Qg3 O-O 13. f5 Rd8 14. Bh6 Bf8 15.
Bg5 Be7 16. b3 Bb7 17. Rfd1 h6 18. Bxh6 Ne8 19. Be3 Bf6 20. Qf2 d5 21. cxd5
cxd5 22. exd5 e4 23. Qg3 Rac8 24. Qxc7 Rxc7 25. Bd4 Ba6 26. Rxa5 Bxe2 27. Nxe2
Rxc2 28. Kf2 Bxd4+ 29. Rxd4 Nd6 30. g4 Rd7 31. Rda4 Rb2 32. Rxa7 Rxa7 33. Rxa7
Rxb3 34. Ra8+ Kh7 35. Ra4 Rf3+ 36. Kg2 Re3 37. Ng3 Rd3 38. Nxe4 Nxe4 39. Rxe4
f6 40. Re8 Rxd5 41. Kg3 Rd4 42. Re3 Kg8 43. Kh4 Kf7 44. Ra3 g5+ 45. Kh5 Rd7 46.
Kh6 Rb7 47. h3 Rc7 48. Ra8 Rb7 49. Rh8 Rb3 50. Rh7+ Ke8 51. Kg6 Rb6 52. Rf7 Rb3
53. Rxf6 Rxh3 54. Kxg5 Ke7 55. Re6+ Kf7 56. Ra6 Rg3 57. Ra7+ Kg8 58. f6 Rg1 59.
Kf5 Rg2 60. g5 1-0

[Event "CTO DE ESPANA DE SELECCIONES AUTONOMICAS"]
[Site "Hotel La Borona, Gijon (Asturi"]
[Date "2011.04.30"]
[Round "2.5"]
[White "Tejedor Fuentes, Enrique"]
[Black "Shen, Yue"]
[Result "1-0"]
[WhiteElo "2113"]
[BlackElo "1976"]
[PlyCount "129"]
[EventDate "2011.04.29"]

1. e4 e5 2. Nf3 Nc6 3. Bb5 a6 4. Ba4 Nf6 5. O-O Nxe4 6. d4 b5 7. Bb3 d5 8. dxe5
Be6 9. c3 Be7 10. Nbd2 Nxd2 11. Bxd2 Na5 12. Bc2 Nc4 13. Bc1 c5 14. b3 Nb6 15.
Be3 O-O 16. Qd3 g6 17. Bh6 Re8 18. Qe3 Nd7 19. Rad1 f6 20. exf6 Bxf6 21. Ng5
Nf8 22. Qg3 Qd7 23. Ne4 Qe7 24. Nxf6+ Qxf6 25. Rd3 Ra7 26. Rf3 Qd8 27. h4 Rf7
28. Rxf7 Bxf7 29. h5 Qf6 30. f4 Kh8 31. Bg5 Qd6 32. Qh4 Kg8 33. hxg6 Nxg6 34.
Bxg6 Bxg6 35. f5 Bf7 36. Bf6 Re4 37. Qg5+ Kf8 38. Qg7+ Ke8 39. Qh8+ Kd7 40.
Qd8+ Kc6 41. Qa8+ Kd7 42. Qb7+ Qc7 43. Qxa6 Qc6 44. Qa7+ Qc7 45. Qa8 Re8 46.
Qa6 Qc6 47. Qa7+ Qc7 48. Qa3 Qb6 49. Bh4 b4 50. Qc1 bxc3 51. Qxc3 d4 52. Qd2
Kc7 53. Qf4+ Kb7 54. Bg3 Qc6 55. Rf2 Re1+ 56. Kh2 Re8 57. f6 h5 58. Qg5 Qd5 59.
Rf5 Qe6 60. Rxc5 Rc8 61. Rb5+ Kc6 62. Qc5+ Kd7 63. Rb7+ Ke8 64. Re7+ Kd8 65.
Bc7+ 1-0

[Event "CTO DE ESPANA DE SELECCIONES AUTONOMICAS"]
[Site "Hotel La Borona, Gijon (Asturi"]
[Date "2011.04.30"]
[Round "2.6"]
[White "Boix Pons, Catalina"]
[Black "Martin Fuentes, Paula"]
[Result "1-0"]
[WhiteElo "1933"]
[BlackElo "1473"]
[PlyCount "105"]
[EventDate "2011.04.29"]

1. d4 Nf6 2. c4 d6 3. Nc3 g6 4. e4 Bg7 5. f4 O-O 6. Nf3 c6 7. Be2 Bg4 8. O-O
Nbd7 9. e5 Ne8 10. Be3 e6 11. Qd2 d5 12. cxd5 cxd5 13. h3 Bxf3 14. Rxf3 Rc8 15.
Raf1 Nb6 16. g4 Nc4 17. Bxc4 Rxc4 18. f5 exf5 19. gxf5 gxf5 20. Rxf5 Rc6 21.
Kh2 Rg6 22. Qf2 Qd7 23. Qf3 Nc7 24. Bg5 Ne6 25. Be3 Nc7 26. h4 Rb6 27. Rf2 f6
28. h5 h6 29. Rg2 Kh8 30. Qg4 Qf7 31. Qf3 Qd7 32. Bc1 Qd8 33. Rf2 Kg8 34. a3 a5
35. Na4 Rc6 36. Be3 b6 37. Qg2 Kh8 38. Nc3 fxe5 39. Rxf8+ Bxf8 40. Qg4 e4 41.
Rg2 Bd6+ 42. Kh1 Qf8 43. Kg1 Qf7 44. Qc8+ Qe8 45. Qf5 Qe7 46. Nxd5 Nxd5 47.
Qxd5 Rc8 48. Bxh6 Qd7 49. Bg7+ Kh7 50. Qxe4+ Kg8 51. Be5+ Kf8 52. Qf4+ Qf7 53.
Bxd6+ 1-0

[Event "CTO DE ESPANA DE SELECCIONES AUTONOMICAS"]
[Site "Hotel La Borona, Gijon (Asturi"]
[Date "2011.04.30"]
[Round "3.1"]
[White "Magem Badals, Jordi"]
[Black "Herraiz Hidalgo, Herminio"]
[Result "1/2-1/2"]
[WhiteElo "2573"]
[BlackElo "2494"]
[PlyCount "73"]
[EventDate "2011.04.29"]

1. e4 c5 2. Nf3 g6 3. c3 Bg7 4. d4 cxd4 5. cxd4 d5 6. e5 Nc6 7. Bb5 Nh6 8. O-O
O-O 9. h3 f6 10. exf6 exf6 11. Nc3 Be6 12. Re1 Bf7 13. Bxc6 bxc6 14. b3 g5 15.
Ba3 Re8 16. Rxe8+ Bxe8 17. Bc5 Nf5 18. Qe2 Bf7 19. Re1 h5 20. g4 hxg4 21. hxg4
Nh6 22. Nh2 Qd7 23. Qe7 Qc8 24. f3 Qa6 25. Qe2 Qa5 26. Qd3 Re8 27. Rxe8+ Bxe8
28. b4 Qc7 29. Ne2 a5 30. Qe3 Bg6 31. Qe7 Qxe7 32. Bxe7 axb4 33. Bxb4 Bd3 34.
Kf2 f5 35. Bc5 fxg4 36. Nxg4 Nf7 37. Nc1 1/2-1/2

[Event "CTO DE ESPANA DE SELECCIONES AUTONOMICAS"]
[Site "Hotel La Borona, Gijon (Asturi"]
[Date "2011.04.30"]
[Round "3.2"]
[White "Espinosa Aranda, Angel"]
[Black "Alsina Leal, Daniel"]
[Result "0-1"]
[WhiteElo "2399"]
[BlackElo "2538"]
[PlyCount "62"]
[EventDate "2011.04.29"]

1. e4 c6 2. d4 d5 3. exd5 cxd5 4. c4 Nf6 5. Nc3 e6 6. Nf3 Bb4 7. cxd5 Nxd5 8.
Bd2 Nc6 9. Bd3 O-O 10. a3 Be7 11. Qe2 Nf6 12. Be3 b6 13. O-O Bb7 14. Rad1 Rc8
15. Rfe1 Nd5 16. Bd2 Nxc3 17. bxc3 Bf6 18. Qe4 g6 19. Qg4 Ne7 20. h4 h5 21. Qg3
Nf5 22. Bxf5 exf5 23. Ng5 Qd5 24. Bf4 Rxc3 25. f3 Bxd4+ 26. Kh2 Rc4 27. Ne6
Rfc8 28. Re5 Bf2 29. Qxf2 Qxd1 30. Re1 Qd7 31. Ng5 Rxf4 0-1

[Event "CTO DE ESPANA DE SELECCIONES AUTONOMICAS"]
[Site "Hotel La Borona, Gijon (Asturi"]
[Date "2011.04.30"]
[Round "3.3"]
[White "Oms Pallisse, Josep"]
[Black "Garcia Moral Garcia, Jose Danie"]
[Result "1-0"]
[WhiteElo "2520"]
[BlackElo "2317"]
[PlyCount "55"]
[EventDate "2011.04.29"]

1. Nf3 Nf6 2. c4 g6 3. Nc3 Bg7 4. e4 d6 5. d4 O-O 6. Be2 e5 7. O-O Nc6 8. d5
Ne7 9. Ne1 Nd7 10. Nd3 f5 11. Bd2 Nf6 12. f3 f4 13. c5 g5 14. Rc1 Ng6 15. Nb5
Rf7 16. Ba5 b6 17. cxd6 cxd6 18. Be1 a6 19. Nc3 h5 20. Nb4 g4 21. Na4 Rc7 22.
Nc6 Rxc6 23. dxc6 Qc7 24. Qb3+ Kh8 25. Qxb6 Qe7 26. c7 Nd7 27. Qc6 Ra7 28. fxg4
1-0

[Event "CTO DE ESPANA DE SELECCIONES AUTONOMICAS"]
[Site "Hotel La Borona, Gijon (Asturi"]
[Date "2011.04.30"]
[Round "3.4"]
[White "Jimenez Martinez, Jose Vicente"]
[Black "Romero Holmes, Alfonso"]
[Result "0-1"]
[WhiteElo "2273"]
[BlackElo "2491"]
[PlyCount "108"]
[EventDate "2011.04.29"]

1. d4 e6 2. c4 b6 3. Nf3 Bb7 4. g3 Bb4+ 5. Bd2 Bxf3 6. exf3 Bxd2+ 7. Qxd2 Ne7
8. Bg2 d5 9. f4 c6 10. cxd5 cxd5 11. O-O Nbc6 12. Rc1 Qd6 13. Na3 O-O 14. Nc2
Rac8 15. Bf1 g6 16. Ba6 Rc7 17. Ne3 Nb8 18. Rxc7 Qxc7 19. Rc1 Qd6 20. Bd3 Nbc6
21. Bb5 Rc8 22. Ba6 Rb8 23. a3 h5 24. Bb5 Na5 25. Qd3 Rc8 26. Rc3 Nac6 27. Kg2
Nb8 28. Rxc8+ Nxc8 29. Qc3 Qd8 30. Bd3 Nd6 31. Nc2 Qd7 32. b3 Nc6 33. Ne3 Na5
34. h3 Kf8 35. Kf3 Ke7 36. Ke2 Nc6 37. Kf3 Qc8 38. Ke2 Kd7 39. Nc2 Qh8 40. Ke3
g5 41. Nb4 gxf4+ 42. gxf4 Ne7 43. Na6 Nef5+ 44. Bxf5 Nxf5+ 45. Kd3 Qd8 46. Qb4
Qh4 47. Qf8 Qxh3+ 48. Kd2 Qxb3 49. Qxf7+ Ne7 50. Nb8+ Kd6 51. Qe8 Qb2+ 52. Ke1
Qc1+ 53. Ke2 Qc8 54. Qxh5 Nf5 0-1

[Event "CTO DE ESPANA DE SELECCIONES AUTONOMICAS"]
[Site "Hotel La Borona, Gijon (Asturi"]
[Date "2011.04.30"]
[Round "3.5"]
[White "Colon Garcia, Enrique"]
[Black "Villasenor Rubio, Emilio Jose"]
[Result "0-1"]
[WhiteElo "2288"]
[BlackElo "2154"]
[PlyCount "80"]
[EventDate "2011.04.29"]

1. e4 c5 2. Nf3 d6 3. d4 cxd4 4. Qxd4 Nc6 5. Bb5 Bd7 6. Bxc6 Bxc6 7. Nc3 Nf6 8.
Bg5 e6 9. Qd3 Be7 10. Nd4 Rc8 11. O-O-O Qa5 12. h4 a6 13. f4 h6 14. Bxf6 Bxf6
15. g4 Qb6 16. Nde2 Be7 17. g5 Rd8 18. g6 Bf6 19. gxf7+ Kxf7 20. Rhg1 Qc5 21.
Qg3 Rhe8 22. Qg6+ Kf8 23. Kb1 b5 24. Rd3 b4 25. Rdg3 Rd7 26. Nd1 Ke7 27. Nc1
Qd4 28. Re3 Kd8 29. Nb3 Qb6 30. h5 Ree7 31. Qg3 a5 32. Rge1 a4 33. Nd2 Bd4 34.
Rf3 Qc5 35. Nf2 Bb5 36. Nd3 Bxd3 37. Rxd3 Bf2 38. Qg2 Bxe1 39. Nf3 Bc3 40. bxc3
bxc3 0-1

[Event "CTO DE ESPANA DE SELECCIONES AUTONOMICAS"]
[Site "Hotel La Borona, Gijon (Asturi"]
[Date "2011.04.30"]
[Round "3.6"]
[White "Gonzalez Berruga, Ana Isabel"]
[Black "Clopes Llahi, Judit"]
[Result "0-1"]
[WhiteElo "1995"]
[BlackElo "2094"]
[PlyCount "70"]
[EventDate "2011.04.29"]

1. d4 Nf6 2. c4 e6 3. Nc3 Bb4 4. Qc2 O-O 5. e4 c5 6. a3 Bxc3+ 7. bxc3 d6 8. Bd3
Nc6 9. Ne2 b6 10. O-O Ba6 11. f4 e5 12. fxe5 dxe5 13. d5 Na5 14. Rf5 Qd6 15.
Bg5 Ne8 16. Qa2 f6 17. Bh4 Qd7 18. Raf1 Nd6 19. R5f3 Bxc4 20. Bxc4 Naxc4 21.
Rh3 Qa4 22. Ng3 g5 23. Qe2 gxh4 24. Nh5 Qd7 25. Nxf6+ Rxf6 26. Rxf6 Qg7 27. Re6
Qg5 28. Qe1 Rf8 29. Rxh4 Ne3 30. g3 Rf1+ 31. Qxf1 Nxf1 32. Kxf1 Nc4 33. Re8+
Kf7 34. Re6 h5 35. Rc6 Qd2 0-1

[Event "CTO DE ESPANA DE SELECCIONES AUTONOMICAS"]
[Site "Hotel La Borona, Gijon (Asturi"]
[Date "2011.04.30"]
[Round "3.1"]
[White "Suarez Pousa, Diego"]
[Black "Baron Rodriguez, Jesus"]
[Result "1-0"]
[WhiteElo "2455"]
[BlackElo "2447"]
[PlyCount "129"]
[EventDate "2011.04.29"]

1. e4 e5 2. Nf3 Nc6 3. Bb5 a6 4. Ba4 Nf6 5. d3 b5 6. Bb3 Be7 7. Nbd2 O-O 8. c3
d6 9. Nf1 Na5 10. Bc2 c5 11. Ne3 Re8 12. O-O Bf8 13. a3 c4 14. dxc4 bxc4 15.
Qe2 Qc7 16. Rd1 Rb8 17. Nd2 Be6 18. Rb1 g6 19. g4 Bh6 20. Ndf1 Bf4 21. g5 Bxg5
22. Nd5 Nxd5 23. Bxg5 Nf4 24. Bxf4 exf4 25. Qd2 Rb5 26. Ba4 Rg5+ 27. Ng3 Rb8
28. Qxf4 Re5 29. Qf6 Nb7 30. f4 Ra5 31. Bc2 Qd8 32. Qd4 f6 33. Rd2 Bf7 34. Rg2
Nc5 35. Nf5 Ne6 36. Qd2 Qf8 37. Bd1 Nc5 38. Qd4 Re8 39. Bc2 Re6 40. Rd1 Rb5 41.
Nxd6 Rxd6 42. Qxd6 Qxd6 43. Rxd6 Kg7 44. Rc6 Ne6 45. Rf2 Rxb2 46. Rxa6 g5 47.
fxg5 Nxg5 48. Kg2 Bg6 49. Raxf6 Ra2 50. Ra6 Nf7 51. Ra7 Kh6 52. Bb1 Ra1 53. Bc2
Ne5 54. Kg3 Re1 55. Kf4 Nd3+ 56. Bxd3 cxd3 57. Re7 Re2 58. Rf3 d2 59. Rd3 Rxh2
60. Ke3 Kg5 61. Rxd2 Rh3+ 62. Kd4 Kf6 63. Rb7 Rh5 64. Rf2+ Ke6 65. Rfb2 1-0